<?xml version="1.0" encoding="UTF-8"?>
<marc:record xmlns:marc="http://www.loc.gov/MARC21/slim">
   <marc:leader>00000nam a2200000 a 4500</marc:leader>
   <marc:datafield ind1="1" ind2=" " tag="100">
      <marc:subfield code="a">Maier, Stefanie B.</marc:subfield>
      <marc:subfield code="4">aut</marc:subfield>
      <marc:subfield code="e">Verfasser/-in</marc:subfield>
   </marc:datafield>
   <marc:datafield ind1=" " ind2=" " tag="653">
      <marc:subfield code="a">Hirnforschung</marc:subfield>
   </marc:datafield>
   <marc:datafield ind1=" " ind2=" " tag="653">
      <marc:subfield code="a">Praxie</marc:subfield>
   </marc:datafield>
   <marc:datafield ind1=" " ind2=" " tag="653">
      <marc:subfield code="a">Dyspraxie</marc:subfield>
   </marc:datafield>
   <marc:datafield ind1=" " ind2=" " tag="653">
      <marc:subfield code="a">Apraxie</marc:subfield>
   </marc:datafield>
   <marc:datafield ind1=" " ind2=" " tag="653">
      <marc:subfield code="a">Plastizität</marc:subfield>
   </marc:datafield>
   <marc:datafield ind1="0" ind2="0" tag="245">
      <marc:subfield code="a">Praxie, Dyspraxie und Apraxie bei Kindern</marc:subfield>
   </marc:datafield>
   <marc:datafield ind1="0" ind2="0" tag="245">
      <marc:subfield code="b">Irrwege der Definition</marc:subfield>
   </marc:datafield>
   <marc:datafield ind1="0" ind2="0" tag="245">
      <marc:subfield code="c">Stefanie B. Maier</marc:subfield>
   </marc:datafield>
   <marc:datafield ind1=" " ind2="1" tag="264">
      <marc:subfield code="a">Saarbrücken</marc:subfield>
      <marc:subfield code="b">Müller</marc:subfield>
      <marc:subfield code="c">2008</marc:subfield>
   </marc:datafield>
   <marc:datafield ind1="1" ind2=" " tag="520">
      <marc:subfield code="a">Bewegung in ihrer Vielfalt bedeutet Faszination. Was von vielen von uns als so selbstverständlich während der motorischen Entwicklung im Kindesalter gesehen wird, ist tatsächlich ein geniales Zusammenspiel komplexer Vorgänge verschiedenster Bereiche des menschlichen Nervensystems. Erst zu dem Zeitpunkt, wenn durch angeborene oder erworbene Krankheiten ein Teil dieses komplizierten Werkes gestört wird, werden wir auf die Einzigartigkeit dieses Steuerungssystems aufmerksam. Ziel dieses Buches ist es, diese Komplexität aufzuzeigen und Klarheit zu verschaffen: Klarheit bezüglich der derzeitigen Kenntnisse der Neuroanatomie, Neurophysiologie sowie Neuropsychologie zur Praxis und deren Störungsbildern Apraxie und Dyspraxie; Klarheit aber vor allem auch bzgl. der Begriffsdefinition und Abgrenzung der verschiedenen Diagnosen Entwicklungsdyspraxie, Syndrom des ungeschickten Kindes und entwicklungsbedingte Koordinationsstörung. Denn erst dadurch kann bei den betroffenen Kindern eine frühzeitige therapeutische Intervention erfolgen, die die Plastizität des sich entwickelnden Gehirns optimal nutzt und den Kindern damit das Ausschöpfen der ihnen gegebenen Begabungen ermöglicht.&lt;br/&gt;</marc:subfield>
   </marc:datafield>
   <marc:datafield ind1=" " ind2=" " tag="020">
      <marc:subfield code="a">9783639001518</marc:subfield>
      <marc:subfield code="9">9783639001518</marc:subfield>
   </marc:datafield>
   <marc:datafield ind1=" " ind2=" " tag="041">
      <marc:subfield code="a">ger</marc:subfield>
   </marc:datafield>
   <marc:datafield ind1="1" ind2=" " tag="521">
      <marc:subfield code="a">0</marc:subfield>
   </marc:datafield>
   <marc:datafield ind1=" " ind2=" " tag="300">
      <marc:subfield code="a">161 S.</marc:subfield>
   </marc:datafield>
</marc:record>
